000 00697nas a2200241 4500
001 BR8200397
003 BR-BrBNA
005 20231205084958.0
007 ta
008 230509b bl.|||p| |||| 00| 00por d
040 _aBR-BrBNA
_bpor
_cBiblioteca Nacional de Agricultura
041 _a(Pt)
072 _aE70
100 1 _aLongo, C.A.
100 1 _aHerstztajn, M.J.
245 1 _aNotas sobre falhas do mercado
246 1 _a[Notes on market failure]
650 _aComercializacao
650 _aMercado
773 0 _tRevista Economica do Nordeste (Brazil)
_xISSN 0100-4956
_g(Jul 1981), v. 12(3) p. 559-572
_wBR8200397
909 _a202311
_bLúcia
_c55
_dLúcia Elande
942 _2AGRIS
_n0
_cANA
999 _c108496
_d108496